00786 2200289 4500001002100000005001500021035002000036007000300056008004100059020002200100082001000122084001600132100001400148245011000162250001000272260004300282300003400325500001100359500001400370650002500384700001800409504002500427990001100452990001100463990001100474990001100485INLIS00000000000568320200629034432 a0010-0420000077ta200629 g 0 ind  a978-602-223-018-2 a959.8 a959.8 DWI e0 aDWI, Mixa1 aEnsiklopedia Seni Budaya dan Keterampilan Bali, Bangka Belitung, Banten /cDwi Mixa; editor, Morena Cindo acet.2 aJakarta :bMultazam Mulia Utama,c2011 avi,72 hlm. :bilus. ;c30 cm. aIndeks aGlosarium 4aKEBUDAYAAN INDONESIA0 aMORENA, Cindo aBibliografi : hlm.71 a7421 a a7421 b a7421 c a7421 d